000 00617nam a2200205Ia 4500
001 15279
003 GE_BSU
008 181216s||||||||xx |||||||||||||| ||und||
040 _cGE_BSU
080 _a821.353.1+821.353.1-31
100 _aშენგელაია,დემნა
245 _aთხზულებანი 4 ტომად. ტ.2.
245 _bმოთხრობები
260 _aთბილისი
260 _bსაბჭოთა საქართველო
260 _c1968
300 _a425გვ.20სმ.
653 _aმოთხრობები
942 _cBK
999 _c48389
_d48389